| 000 | 00796nam a2200205 a 4500 | ||
|---|---|---|---|
| 008 | 170531s2011 ||||||||||||||||| || u | ||
| 020 | _a9780199599387 | ||
| 050 | _aRD 85.5 Smi | ||
| 100 | _aScarth, Edward | ||
| 245 | 1 | 0 |
_aDrugs in anaesthesia and intensive care. (4th ed.) _cby Susan Smith; Edward Scarth and Martin Sasada |
| 250 | _a4th ed. | ||
| 260 |
_aOxford _bOxford University Press _c2011 |
||
| 300 | _axiv, 390p. | ||
| 650 | _aANESTHETICS--HANDBOOKS, MANUALS, ETC | ||
| 650 | _aDRUGS--HANDBOOKS, MANUALS, ETC | ||
| 650 | _aCRITICAL CARE MEDICINE--HANDBOOKS, MANUALS, ETC | ||
| 700 | _aSmith, Susan | ||
| 700 | _aSasada, Martin | ||
| 995 |
_aREFERENCE BOOKS _e904067 _FCBU-SCHOOL OF MEDICINE LIBRARY (Ndola) _jRD 85.5 Smi _M1 _UREFERENCE _WMay 31, 2017 _y904067 _ZReference Collection |
||
| 999 |
_c31301 _d31301 |
||